| 000 | 00629nam a22001817a 4500 | ||
|---|---|---|---|
| 999 |
_c14953 _d14953 |
||
| 003 | OSt | ||
| 082 | _2631.3 DEE/DE | ||
| 088 | _aP 220 | ||
| 100 |
_aDEEPA K.P _aNISHANTH M. STANLY _aRAJEESH V.K _93568 |
||
| 245 | _aDevelopment and testing of a pepper harvester | ||
| 260 |
_aTavanur 2010 _bKelappaji College of Agricultural Engineering and Technology |
||
| 300 | _a32 | ||
| 500 | _aDevelopment and testing of a pepper harvester | ||
| 520 | _aDevelopment and testing of a pepper harvester | ||
| 700 |
_aDr. Jayan P.R (Guide) _93380 |
||
| 856 | _uhttps://drive.google.com/open?id=1VUqOtcud_D6wLCLuOdQJ-dEmzznCV5Nh | ||
| 942 | _cPR | ||